000 00422nam a22001697a 4500
003 MPLRDC
005 20220104142742.0
008 210129b ||||| |||| 00| 0 eng d
082 _a947.416 GQJ v.4
100 _a宫崎骏
245 _a霍爾之移动城堡. 四
_c
250 _a初版一刷
260 _a台湾
_b天下出版社
_c2005
300 _b167
650 _a宫崎骏漫画
942 _cBK
_o947.416 GQJ v.4
999 _c33431
_d33421